<?xml version="1.0" encoding="UTF-8"?>
<marc:record xmlns:marc="http://www.loc.gov/MARC21/slim">
   <marc:leader>00000nam a2200000 a 4500</marc:leader>
   <marc:datafield ind1="1" ind2=" " tag="100">
      <marc:subfield code="a">Erasmus, Desiderius</marc:subfield>
      <marc:subfield code="4">aut</marc:subfield>
      <marc:subfield code="e">Verfasser/-in</marc:subfield>
   </marc:datafield>
   <marc:datafield ind1="1" ind2=" " tag="100">
      <marc:subfield code="a">Guadagni, Giovanni</marc:subfield>
   </marc:datafield>
   <marc:datafield ind1="1" ind2=" " tag="100">
      <marc:subfield code="a">Gregorius &lt;Papa, XIII.&gt;</marc:subfield>
   </marc:datafield>
   <marc:datafield ind1="1" ind2=" " tag="100">
      <marc:subfield code="a">Rocca, Angelo</marc:subfield>
   </marc:datafield>
   <marc:datafield ind1="1" ind2=" " tag="100">
      <marc:subfield code="a">Manuzio, Paolo</marc:subfield>
   </marc:datafield>
   <marc:datafield ind1=" " ind2=" " tag="653">
      <marc:subfield code="a">f||Anthologie</marc:subfield>
   </marc:datafield>
   <marc:datafield ind1=" " ind2=" " tag="653">
      <marc:subfield code="a">p||Erasmus</marc:subfield>
   </marc:datafield>
   <marc:datafield ind1=" " ind2=" " tag="653">
      <marc:subfield code="a">Desiderius</marc:subfield>
   </marc:datafield>
   <marc:datafield ind1=" " ind2=" " tag="653">
      <marc:subfield code="a">s||Sprichwort</marc:subfield>
   </marc:datafield>
   <marc:datafield ind1="0" ind2="0" tag="245">
      <marc:subfield code="a">Adagia Qvaecvmqve ad hanc diem exierunt</marc:subfield>
   </marc:datafield>
   <marc:datafield ind1="0" ind2="0" tag="245">
      <marc:subfield code="b">Sublatis etiam falsis interpretationibus, &amp; nonnullis, quae nihil ad propositam rem pertinebant, longis inanibusq[ue] digressionibus ; Quem laborem, a Sacrosancti Concilii Tridentini Patribus Manutio mandatum ; Cum plurimis, ac locupletissimis Indicibus</marc:subfield>
   </marc:datafield>
   <marc:datafield ind1="0" ind2="0" tag="245">
      <marc:subfield code="c">[Desiderius Erasmus]. Pavlli Manvtii Stvdio, Atqve industria, doctissimorum Theologorum consilio, atque ope, ab omnibus mendis vindicata, quae pium, &amp; veritatis Catholicae studiosum lectorem poterant offendere</marc:subfield>
   </marc:datafield>
   <marc:datafield ind1=" " ind2="1" tag="264">
      <marc:subfield code="a">Venetiis</marc:subfield>
      <marc:subfield code="b">Polus</marc:subfield>
      <marc:subfield code="c">1578</marc:subfield>
   </marc:datafield>
   <marc:datafield ind1=" " ind2=" " tag="250">
      <marc:subfield code="a">Nunc vero summa industria iterum impressa, ... emendata a F. Angelo Rocch. Eremita Augustiniano S. Theol. Doctore, Qui exemplum Florentiae editum ab innumeris erroribus expurgavit</marc:subfield>
   </marc:datafield>
   <marc:datafield ind1="1" ind2=" " tag="520">
      <marc:subfield code="a">Erscheinungsvermerk lt. Vorlage: Venetijs, Apud Hieronymum Polum. 1578.</marc:subfield>
   </marc:datafield>
   <marc:datafield ind1=" " ind2=" " tag="500">
      <marc:subfield code="a">Bibliogr. Nachweis: EDIT 16 CNCE 18246</marc:subfield>
   </marc:datafield>
   <marc:datafield ind1=" " ind2=" " tag="300">
      <marc:subfield code="a">[62] Bl., 2042 [i.e. 2044] Sp. : Ill.; 23,5 cm</marc:subfield>
   </marc:datafield>
</marc:record>
